Revitalizácia verejných priestorov v okolí kultúrneho domu v Dúbravke

Saved in:
Bibliographic Details
Main Author: Zybaila, Valeryia (Author)
Other Authors: Štefunková, Zuzana (Thesis advisor)
Format: Manuscript Book
Language:Slovak
Published: 2024
Subjects:
Online Access:http://is.stuba.sk/zp/portal_zp.pl?podrobnosti=167599
https://opac.crzp.sk/?fn=detailBiblioForm&sid=D4AFBEDDECE97BC63338049A1374
Tags: Add Tag
No Tags, Be the first to tag this record!

MARC

LEADER 00000ntm a22000003a 4500
001 stuzp99811
003 SK-STU
005 20240930103653.9
007 ta
008 150427s2015----xo-----f-mn---000-0-slo-d
040 |a STU  |b slo 
041 0 |a slo 
100 1 |a Zybaila, Valeryia  |u 010160  |4 aut  |U SvF Stavebná fakulta  |T SvF Katedra vodného hospodárstva krajiny  |X 114981  |U V160  |Y 16  |7 114981 
242 0 1 |a Revitalization of public areas around the cultural center in Dúbravka  |y eng 
245 1 0 |a Revitalizácia verejných priestorov v okolí kultúrneho domu v Dúbravke 
260 |c 2024 
650 4 |a verejný priestor  |2 slo 
650 4 |a revitalizácia  |2 slo 
650 4 |a kultúrny dom  |2 slo 
650 4 |a public space  |2 eng 
650 4 |a revitalization  |2 eng 
650 4 |a cultural house  |2 eng 
700 1 |a Štefunková, Zuzana  |u 010160  |k Z1  |4 ths  |U SvF Stavebná fakulta  |T SvF Katedra vodného hospodárstva krajiny  |X 12513  |U V160  |Y 16  |7 A000012513 
856 4 |u http://is.stuba.sk/zp/portal_zp.pl?podrobnosti=167599 
856 4 |u https://opac.crzp.sk/?fn=detailBiblioForm&sid=D4AFBEDDECE97BC63338049A1374